000 00437nab a2200145Ia 4500
003 ES-SlBCS
005 20210601131737.0
008 140529s1953 xxu||||| |||| 00| 0 fre d
041 _afre
100 1 _aRustan, Marie-Josèphe
_9188462
245 0 0 _aJean Cayrol, romancier de l'espérance
_c Marie-Josèphe Rustan
600 1 4 _aCayrol, Jean
_9188491
773 0 _tVie Intelectuelle (La)
_gnº. 7, 1953, págs. 37-51
_wRev907
942 _cAR
999 _c568049
_d568049